000 00397nam a22001455i 4500
001 168418
003 ES-MaACL
005 20230906213804.0
008 080408s1912 fre |||| | fra d
100 1 _aSouza, Robert de.
_9137564
245 1 0 _aDu rythme en français /
_cRobert de Souza.
260 _aParis :
_bH. Welter,
_c1912.
300 _a103 p. ;
_c25 cm.
852 _aES-MaACL
_jT-1328-F-6
999 _c168418
_d168418